Art with a difference : Looking at fifficult and unfamiliar art
Designed as a supplementary text for beginning art courses, this brief, inexpensive text introduces issues that are typically overlooked in standard art survey texts, such as the role of the museum in creating the canon, ways to understand art of other cultures and outsider art, and the difficulty m...
Tallennettuna:
| Päätekijä: | |
|---|---|
| Aineistotyyppi: | Kirja |
| Kieli: | Undetermined |
| Julkaistu: |
Boston
McGraw-Hill
2000
|
| Aiheet: | |
| Tagit: |
Lisää tagi
Ei tageja, Lisää ensimmäinen tagi!
|
| Thư viện lưu trữ: | Trung tâm Học liệu Trường Đại học Cần Thơ |
|---|
| LEADER | 01019nam a2200217Ia 4500 | ||
|---|---|---|---|
| 001 | CTU_141185 | ||
| 008 | 210402s9999 xx 000 0 und d | ||
| 082 | |a 701.18 | ||
| 082 | |b D562 | ||
| 100 | |a Diepeveen, Leonard | ||
| 245 | 0 | |a Art with a difference : | |
| 245 | 0 | |b Looking at fifficult and unfamiliar art | |
| 245 | 0 | |c Leonard Diepeveen, Timothy Van Laar | |
| 260 | |a Boston | ||
| 260 | |b McGraw-Hill | ||
| 260 | |c 2000 | ||
| 520 | |a Designed as a supplementary text for beginning art courses, this brief, inexpensive text introduces issues that are typically overlooked in standard art survey texts, such as the role of the museum in creating the canon, ways to understand art of other cultures and outsider art, and the difficulty many beginners have in understanding art, especially contemporary art. | ||
| 650 | |a Art appreciation,Đánh giá nghệ thuật | ||
| 650 | |x Study and teaching (Higher),Dạy và học | ||
| 904 | |i Năm | ||
| 980 | |a Trung tâm Học liệu Trường Đại học Cần Thơ | ||